00553nam a2200109Ia 4500008004100000245003400041300020200075650000900277856006600286999001900352952007200371170517s9999 xx 000 0 und d aGetting into Cirque Du Soleil aEver wondered what it takes to be a part of Cirque du Soleil? Getting to be a one of a kind performer is no small feat. For four months, 16x9 followed Cirque Du Soleil scouts as they scoured the... xArt. uhttp://topdocumentaryfilms.com/getting-into-cirque-du-soleil/ c333141d333141 001040aCLbCLd2017-05-17l0r2017-05-17 00:00:00w2017-05-17yDF